Entry Personal Name
Number of records used in: 1
001 - CONTROL NUMBER
003 - CONTROL NUMBER IDENTIFIER
005 - DATE AND TIME OF LATEST TRANSACTION
- control field:
20221003152003.0
008 - FIXED-LENGTH DATA ELEMENTS
- fixed length control field:
930730n| acannaab |a aaa
010 ## - LIBRARY OF CONGRESS CONTROL NUMBER
- LC control number:
n 93072954
- Canceled/invalid LC control number:
n 96058883
040 ## - CATALOGING SOURCE
- Original cataloging agency:
DLC
- Transcribing agency:
DLC
- Modifying agency:
DLC
100 10 - HEADING--PERSONAL NAME
- Personal name:
Jackson, Ron S.
400 10 - SEE FROM TRACING--PERSONAL NAME
- Personal name:
Jackson, R. S.
- Fuller form of name:
(Ron S.)
400 1# - SEE FROM TRACING--PERSONAL NAME
- Personal name:
Jackson, Ronald S.
670 ## - SOURCE DATA FOUND
- Source citation:
His Wine science, 1993:
- Information found:
CIP t.p. (Ron S. Jackson, Botany Dept., Brandon Univer., Manitoba)
670 ## - SOURCE DATA FOUND
- Source citation:
Conserve water, drink wine, 1997:
- Information found:
CIP t.p. (R.S. Jackson)
670 ## - SOURCE DATA FOUND
- Source citation:
Phone call to pub., 6-17-96
- Information found:
(Ron S. Jackson is same person as R.S. Jackson)
670 ## - SOURCE DATA FOUND
- Source citation:
Wine tasting, c2002:
- Information found:
t.p. (Ronald S. Jackson) about the author (formerly, Botany Dept., Brandon Univ., now affiliated with the Cool Climate Oenology and Viticulture Inst., Brock Univ.) pref. (R.S. Jackson)